[Event "Oslo Sveins op 10th"]
[Site "Oslo"]
[Date "2017.06.25"]
[Round "4"]
[White "Papanek, Ella Sharpe"]
[Black "Hestvik, Elias"]
[Result "1-0"]
[WhiteElo "1671"]
[BlackElo "1192"]
[PlyCount "73"]
[EventDate "2017.06.23"]
[EventType "swiss"]
[EventRounds "9"]
[EventCountry "NOR"]
[SourceTitle "CBM 179 Extra"]
[Source "ChessBase"]
[SourceDate "2017.08.23"]
[SourceVersion "1"]
[SourceVersionDate "2017.08.23"]
[SourceQuality "1"]

1. d4 Nf6 2. c4 e6 3. Nc3 d5 4. cxd5 exd5 5. Bg5 Bb4 6. e3 c6 7. Bd3 Be6 8. Nge2 Nbd7 9. 0-0 h6 10. Bh4 0-0 11. f3 Bxc3 12. bxc3 c5 13. Rc1 cxd4 14. cxd4 Rc8 15. Qd2 Rxc1 16. Rxc1 Qb8 17. Bg3 Qd8 18. Nc3 Nb6 19. Nb5 a6 20. Nd6 Qd7 21. Qb4 Nc8 22. Nxb7 Nh5 23. Rc7 Qe8 24. Nd6 Nxd6 25. Bxd6 Qd8 26. Bxa6 Re8 27. Bb5 Rf8 28. Qc5 Qh4 29. Kf1 Rb8 30. a4 Qd8 31. Be7 Rxb5 32. Bxd8 Rxc5 33. Rxc5 Bf5 34. Ke2 Nf6 35. Bxf6 gxf6 36. a5 h5 37. a6 1-0